[Event "Medellin Castro Memorial"]
[Site "Medellin"]
[Date "2015.05.01"]
[Round "3"]
[White "Bustamante, Roberto"]
[Black "Cabrera Novoa, Emanuel"]
[Result "1-0"]
[WhiteElo "1832"]
[BlackElo "1364"]
[PlyCount "67"]
[EventDate "2015.04.30"]
[EventType "swiss"]
[EventRounds "7"]
[EventCountry "COL"]
[SourceTitle "CBM 166 Extra"]
[Source "ChessBase"]
[SourceDate "2015.06.18"]
[SourceVersion "1"]
[SourceVersionDate "2015.06.18"]
[SourceQuality "1"]

1. Nf3 Nf6 2. g3 e5 3. e4 Nc6 4. d3 d5 5. exd5 Nxd5 6. Bg2 Bc5 7. 0-0 0-0 8. Nbd2 Bf5 9. Nc4 Re8 10. Re1 f6 11. Nh4 Be6 12. Be4 Qd7 13. Bxh7+ Kxh7 14. Qh5+ Kg8 15. Ng6 Kf7 16. Ngxe5+ Ke7 17. Nxd7 Kxd7 18. Rxe6 Rxe6 19. Qxd5+ Ke7 20. Qxc5+ Kf7 21. Be3 Rd8 22. Re1 Nd4 23. Qxc7+ Re7 24. Qxd8 Nf3+ 25. Kf1 Nxe1 26. Kxe1 Ke6 27. Bc5 Rd7 28. Qe8+ Kd5 29. Qxd7+ Kxc5 30. Qd6+ Kb5 31. Na3+ Ka4 32. b3+ Ka5 33. Qc5+ Ka6 34. Qb5# 1-0

[Event "Antioquia op"]
[Site "Medellin"]
[Date "2014.04.05"]
[Round "3"]
[White "Zuluaga, Miryam"]
[Black "Bustamante, Roberto"]
[Result "1/2-1/2"]
[WhiteElo "1663"]
[BlackElo "1861"]
[PlyCount "67"]
[EventDate "2014.04.03"]
[EventType "swiss"]
[EventRounds "7"]
[EventCountry "COL"]
[SourceTitle "CBM 159 Extra"]
[Source "ChessBase"]
[SourceDate "2014.04.24"]
[SourceVersion "1"]
[SourceVersionDate "2014.04.24"]
[SourceQuality "1"]

1. e4 g6 2. d4 Bg7 3. Nf3 d6 4. Be3 Bg4 5. c3 Bxf3 6. Qxf3 e5 7. Bd3 exd4 8. Bxd4 Bxd4 9. cxd4 Qf6 10. Qxf6 Nxf6 11. Nc3 0-0 12. 0-0 c6 13. Rac1 Nbd7 14. f3 Nb6 15. a3 d5 16. e5 Nh5 17. g3 Rae8 18. f4 f6 19. Rce1 fxe5 20. fxe5 Rxf1+ 21. Rxf1 Rf8 22. Rxf8+ Kxf8 23. Kf2 Ke7 24. Ne2 Ke6 25. Nf4+ Nxf4 26. gxf4 Nd7 27. b3 c5 28. Ke3 cxd4+ 29. Kxd4 b6 30. b4 a5 31. bxa5 bxa5 32. Bb5 Nf8 33. Bd3 Nd7 34. Bb5 1/2-1/2

[Event "Medellin de Segunda Cat. Antioquia"]
[Site "Medellin"]
[Date "2014.03.26"]
[Round "5.19"]
[White "Pena, Alcides"]
[Black "Bustamante, Roberto"]
[Result "1-0"]
[WhiteElo "1850"]
[BlackElo "1904"]
[PlyCount "59"]
[EventDate "2014.03.19"]
[EventType "swiss"]
[EventRounds "7"]
[EventCountry "COL"]
[SourceTitle "EXT 2024"]
[Source "ChessBase"]
[SourceDate "2023.10.10"]
[SourceVersion "1"]
[SourceVersionDate "2023.10.10"]
[SourceQuality "1"]

1. d4 g6 2. c4 Bg7 3. Nc3 Nf6 4. e4 d6 5. f4 0-0 6. Be2 Nc6 7. Nf3 Bg4 8. 0-0 Nd7 9. Be3 Bxf3 10. Rxf3 e5 11. fxe5 dxe5 12. d5 Ne7 13. g4 f5 14. gxf5 gxf5 15. Bg5 f4 16. Rh3 Nf6 17. Bg4 Qd6 18. Be6+ Kh8 19. Qe2 c6 20. Kh1 cxd5 21. cxd5 Rad8 22. Rg1 Nc6 23. Bxf6 Rxf6 24. Qg4 Qf8 25. dxc6 bxc6 26. Bf5 h6 27. Rh5 Rd2 28. Qh3 Rxb2 29. Rhg5 Rf7 30. Rg6 1-0

[Event "COL-ch sf"]
[Site "Medellin"]
[Date "2014.??.??"]
[Round "6"]
[White "Bustamante, Roberto"]
[Black "Viancha, Wilfredo"]
[Result "1-0"]
[WhiteElo "1861"]
[BlackElo "1708"]
[PlyCount "75"]
[EventDate "2014.04.15"]
[EventType "swiss"]
[EventRounds "11"]
[EventCountry "COL"]
[SourceTitle "CBM 160 Extra"]
[Source "ChessBase"]
[SourceDate "2014.07.01"]
[SourceVersion "1"]
[SourceVersionDate "2014.07.01"]
[SourceQuality "1"]

1. c4 Nf6 2. Nc3 e5 3. e4 Bc5 4. Nf3 d6 5. Be2 0-0 6. 0-0 Nc6 7. a3 a6 8. b4 Ba7 9. d3 Bg4 10. Bg5 Kh8 11. Nd5 Bxf3 12. Bxf3 Nd4 13. Bh5 c6 14. Nxf6 gxf6 15. Bh6 Qe7 16. Bxf8 Rxf8 17. Kh1 Rg8 18. f4 f5 19. fxe5 Qg5 20. Ra2 dxe5 21. exf5 Nxf5 22. Qf3 Nh6 23. Qf6+ Qxf6 24. Rxf6 Kg7 25. Rd6 Bd4 26. Rd7 b6 27. Re2 c5 28. bxc5 bxc5 29. Re1 Kf6 30. Rb1 Rf8 31. Rb6+ Kg5 32. Bf3 Nf5 33. Rxa6 Rb8 34. Rb7 Rf8 35. Raa7 f6 36. Rxh7 Kf4 37. Be4 Ne3 38. g3+ 1-0

[Event "COL-ch sf"]
[Site "Medellin"]
[Date "2014.??.??"]
[Round "11"]
[White "Sosa Florez, Juan Sebastian"]
[Black "Bustamante, Roberto"]
[Result "1/2-1/2"]
[WhiteElo "1767"]
[BlackElo "1861"]
[PlyCount "62"]
[EventDate "2014.04.15"]
[EventType "swiss"]
[EventRounds "11"]
[EventCountry "COL"]
[SourceTitle "CBM 160 Extra"]
[Source "ChessBase"]
[SourceDate "2014.07.01"]
[SourceVersion "1"]
[SourceVersionDate "2014.07.01"]
[SourceQuality "1"]

1. e4 g6 2. d4 Bg7 3. c4 d6 4. Nc3 Nf6 5. f4 0-0 6. Nf3 c5 7. d5 Bg4 8. Be2 a6 9. 0-0 Qc7 10. h3 Bxf3 11. Bxf3 Nbd7 12. Qe2 e6 13. dxe6 fxe6 14. Be3 Rab8 15. a4 b6 16. Rad1 Rbd8 17. Rd2 Nb8 18. Rfd1 Nc6 19. e5 dxe5 20. Bxc6 Rxd2 21. Rxd2 Qxc6 22. fxe5 Nd7 23. Rd6 Qc7 24. Rxe6 Bxe5 25. Nd5 Qb8 26. Bh6 Re8 27. Qg4 Bd4+ 28. Kh1 Bg7 29. Bxg7 Kxg7 30. Re7+ Rxe7 31. Nxe7 Nf6 1/2-1/2

[Event "COL-ch Antioquia Profesionals"]
[Site "Antioquia"]
[Date "2012.??.??"]
[Round "4.4"]
[White "Bustamante, Roberto"]
[Black "Calvache, Juan Guillermo"]
[Result "1/2-1/2"]
[WhiteElo "1904"]
[BlackElo "1612"]
[PlyCount "59"]
[EventDate "2012.09.11"]
[EventType "tourn"]
[EventRounds "7"]
[EventCountry "COL"]
[SourceTitle "EXT 2024"]
[Source "ChessBase"]
[SourceDate "2023.10.10"]
[SourceVersion "1"]
[SourceVersionDate "2023.10.10"]
[SourceQuality "1"]

1. Nf3 d5 2. g3 b6 3. Bg2 Bb7 4. c4 Nf6 5. 0-0 e6 6. Nc3 Bd6 7. d3 0-0 8. Bg5 h6 9. Bd2 Nbd7 10. Nh4 c6 11. f4 Ng4 12. e3 f5 13. Bf3 g5 14. Ng2 Ngf6 15. fxg5 hxg5 16. cxd5 cxd5 17. d4 Ba6 18. Be2 Bxe2 19. Qxe2 a6 20. Ne1 Qe7 21. Nf3 Qg7 22. Kg2 b5 23. a3 Nb6 24. b3 Rac8 25. Rfc1 Qh6 26. a4 bxa4 27. Nxa4 Rxc1 28. Rxc1 Nxa4 29. bxa4 Ne4 30. Ne5 1/2-1/2

[Event "COL-ch Antioquia Profesionals"]
[Site "Antioquia"]
[Date "2012.??.??"]
[Round "2.1"]
[White "Bustamante, Roberto"]
[Black "Lotero, Faiber"]
[Result "0-1"]
[WhiteElo "1904"]
[BlackElo "2177"]
[PlyCount "54"]
[EventDate "2012.09.11"]
[EventType "tourn"]
[EventRounds "7"]
[EventCountry "COL"]
[SourceTitle "EXT 2024"]
[Source "ChessBase"]
[SourceDate "2023.10.10"]
[SourceVersion "1"]
[SourceVersionDate "2023.10.10"]
[SourceQuality "1"]

1. Nf3 d5 2. g3 Nc6 3. Bg2 h5 4. d4 Bf5 5. c3 Qd7 6. Qb3 0-0-0 7. a4 f6 8. a5 e5 9. a6 b6 10. dxe5 fxe5 11. Bg5 Be7 12. Bxe7 Ngxe7 13. Nbd2 e4 14. Ng5 Ne5 15. 0-0-0 N7c6 16. Ndxe4 Na5 17. Qa2 Qb5 18. Nd2 Qxe2 19. Bh3 Qd3 20. Bxf5+ Qxf5 21. Nde4 dxe4 22. Qe6+ Qxe6 23. Nxe6 Nd3+ 24. Kb1 Rde8 25. Nxg7 Reg8 26. Nf5 Rg5 27. Nd4 Nxf2 0-1

[Event "Medellin Depart Primera Mayor 2000"]
[Site "Medellin"]
[Date "2011.05.07"]
[Round "5.1"]
[White "Bustamante, Roberto"]
[Black "Silva, Emmanuel Andres"]
[Result "1/2-1/2"]
[WhiteElo "1885"]
[BlackElo "2130"]
[PlyCount "67"]
[EventDate "2011.05.04"]
[EventType "swiss"]
[EventRounds "7"]
[EventCountry "COL"]
[SourceTitle "EXT 2024"]
[Source "ChessBase"]
[SourceDate "2023.10.10"]
[SourceVersion "1"]
[SourceVersionDate "2023.10.10"]
[SourceQuality "1"]

1. Nf3 Nf6 2. g3 g6 3. Bg2 Bg7 4. 0-0 0-0 5. d3 d5 6. Nbd2 c5 7. c3 Nc6 8. e4 e5 9. Qc2 Be6 10. Nb3 Qd6 11. Be3 d4 12. Bd2 h6 13. Rfe1 Nd7 14. Nh4 Rac8 15. c4 Kh7 16. f4 f5 17. exf5 gxf5 18. Qd1 a6 19. Qh5 b5 20. Qg6+ Kg8 21. Bd5 Rf6 22. Nxf5 Rxg6 23. Nxd6 Bxd5 24. Nxc8 bxc4 25. dxc4 Bf3 26. fxe5 Ndxe5 27. Nxc5 Bg4 28. Rxe5 Bxe5 29. Nb6 d3 30. Nba4 Bd4+ 31. Kg2 Ne5 32. Bc3 Bf3+ 33. Kf1 Be2+ 34. Kg2 1/2-1/2

[Event "Medellin op Experts"]
[Site "Medellin"]
[Date "2011.04.22"]
[Round "5.8"]
[White "Bustamante, Roberto"]
[Black "Echavarria, Gustavo"]
[Result "0-1"]
[WhiteElo "1898"]
[BlackElo "1947"]
[PlyCount "32"]
[EventDate "2011.04.20"]
[EventType "swiss"]
[EventRounds "9"]
[EventCountry "COL"]
[SourceTitle "EXT 2024"]
[Source "ChessBase"]
[SourceDate "2023.10.10"]
[SourceVersion "1"]
[SourceVersionDate "2023.10.10"]
[SourceQuality "1"]

1. Nf3 d5 2. g3 Bf5 3. Bg2 e6 4. c4 c6 5. b3 Nf6 6. Bb2 Nbd7 7. Nh4 Bg4 8. 0-0 Bd6 9. Nc3 0-0 10. d4 Bh5 11. c5 Bc7 12. f4 Ng4 13. Qd2 Qe7 14. e4 dxe4 15. Nxe4 Ngf6 16. Rae1 Rad8 0-1

[Event "Medellin Raza Menor 2100 op"]
[Site "Medellin"]
[Date "2010.11.12"]
[Round "2.1"]
[White "Bustamante, Roberto"]
[Black "Cadena Montoya, Gustavo Adolfo"]
[Result "0-1"]
[WhiteElo "1911"]
[BlackElo "2051"]
[PlyCount "40"]
[EventDate "2010.11.12"]
[EventType "swiss"]
[EventRounds "7"]
[EventCountry "COL"]
[SourceTitle "EXT 2024"]
[Source "ChessBase"]
[SourceDate "2023.10.10"]
[SourceVersion "1"]
[SourceVersionDate "2023.10.10"]
[SourceQuality "1"]

1. Nf3 Nf6 2. g3 g6 3. Bg2 Bg7 4. 0-0 0-0 5. d3 d5 6. c3 c5 7. Nbd2 Nc6 8. e4 e5 9. Re1 Qc7 10. Nh4 Be6 11. Nb3 b6 12. Bg5 dxe4 13. dxe4 h6 14. Bd2 Rad8 15. Qc2 c4 16. Nc1 Rd6 17. Ne2 Rfd8 18. Rad1 Qd7 19. Nf3 Bg4 20. Nxe5 Nxe5 0-1

[Event "Medellin Experts 17th"]
[Site "Medellin"]
[Date "2010.08.08"]
[Round "8.20"]
[White "Diaz, Sandra Carolina"]
[Black "Bustamante, Roberto"]
[Result "0-1"]
[WhiteElo "1587"]
[BlackElo "1911"]
[PlyCount "68"]
[EventDate "2010.08.04"]
[EventType "swiss"]
[EventRounds "9"]
[EventCountry "COL"]
[SourceTitle "EXT 2024"]
[Source "ChessBase"]
[SourceDate "2023.10.10"]
[SourceVersion "1"]
[SourceVersionDate "2023.10.10"]
[SourceQuality "1"]

1. e4 g6 2. d4 Bg7 3. Nf3 d6 4. c4 Nf6 5. Nc3 0-0 6. Be2 Nc6 7. Be3 e5 8. d5 Ne7 9. Qd2 Ng4 10. Bg5 f6 11. Bh4 Bh6 12. Qd3 f5 13. h3 Nf6 14. Ng5 fxe4 15. Ngxe4 Nxe4 16. Nxe4 Bf5 17. g4 Bxe4 18. Qxe4 Rf4 19. Qe3 Qf8 20. Qb3 b6 21. Bg3 Rf7 22. 0-0 Kh8 23. a4 a5 24. Qc2 Bf4 25. Ra3 Qh6 26. Kg2 Raf8 27. Qc3 g5 28. b4 axb4 29. Qxb4 Ng6 30. a5 bxa5 31. Qxa5 Nh4+ 32. Kh2 Bxg3+ 33. Kxg3 Ng6 34. Bd1 Qh4+ 0-1

[Event "Medellin Experts 17th"]
[Site "Medellin"]
[Date "2010.08.07"]
[Round "6.13"]
[White "Bustamante, Roberto"]
[Black "Mesa, Francisco Alonso Jr"]
[Result "0-1"]
[WhiteElo "1911"]
[BlackElo "1993"]
[PlyCount "62"]
[EventDate "2010.08.04"]
[EventType "swiss"]
[EventRounds "9"]
[EventCountry "COL"]
[SourceTitle "EXT 2024"]
[Source "ChessBase"]
[SourceDate "2023.10.10"]
[SourceVersion "1"]
[SourceVersionDate "2023.10.10"]
[SourceQuality "1"]

1. Nf3 c5 2. g3 Nc6 3. Bg2 Nf6 4. 0-0 d5 5. d3 e5 6. c3 Be7 7. Nbd2 0-0 8. a3 Qc7 9. b4 b6 10. Bb2 Bb7 11. Qb3 Rad8 12. Nh4 Rfe8 13. Nf5 Bf8 14. Rac1 g6 15. Ne3 Bh6 16. Rc2 d4 17. Nd5 Nxd5 18. Bxd5 Rxd5 19. Qxd5 Nxb4 20. Qb3 Nxc2 21. Qxc2 Qc6 22. Nf3 e4 23. dxe4 Qxe4 24. Qxe4 Rxe4 25. Re1 dxc3 26. Bxc3 Bg7 27. Bxg7 Kxg7 28. Ng5 Ra4 29. Rd1 h6 30. Nf3 Bxf3 31. exf3 Rxa3 0-1

[Event "Medellin Experts 17th"]
[Site "Medellin"]
[Date "2010.08.06"]
[Round "4.7"]
[White "Bustamante, Roberto"]
[Black "Hernandez, Cristian Andres"]
[Result "1/2-1/2"]
[WhiteElo "1911"]
[BlackElo "1960"]
[PlyCount "75"]
[EventDate "2010.08.04"]
[EventType "swiss"]
[EventRounds "9"]
[EventCountry "COL"]
[SourceTitle "EXT 2024"]
[Source "ChessBase"]
[SourceDate "2023.10.10"]
[SourceVersion "1"]
[SourceVersionDate "2023.10.10"]
[SourceQuality "1"]

1. Nf3 Nf6 2. g3 e6 3. Bg2 b6 4. Ne5 d5 5. c4 Bd6 6. Qa4+ Bd7 7. Nxd7 Qxd7 8. Qb3 c6 9. d4 0-0 10. 0-0 h6 11. Nc3 Na6 12. e4 Nxe4 13. Nxe4 dxe4 14. Bxe4 f5 15. Bg2 f4 16. Bh3 Kh8 17. Bd2 Rf6 18. Rae1 Raf8 19. Qa4 Nb8 20. d5 fxg3 21. hxg3 Bc5 22. Be3 cxd5 23. Qxd7 Nxd7 24. cxd5 Ne5 25. f4 Nd3 26. Bxc5 bxc5 27. Re3 Nxb2 28. dxe6 Nc4 29. Rc3 Nd6 30. e7 Re8 31. Re1 Nf5 32. Bxf5 Rxf5 33. Ra3 Kg8 34. Rxa7 Kf7 35. a4 Rf6 36. Rc7 Ra6 37. Kf2 Rxa4 38. Re5 1/2-1/2

[Event "Medellin Experts 17th"]
[Site "Medellin"]
[Date "2010.08.06"]
[Round "5.12"]
[White "Diaz Herrera, Leider Andres"]
[Black "Bustamante, Roberto"]
[Result "1-0"]
[WhiteElo "1952"]
[BlackElo "1911"]
[PlyCount "67"]
[EventDate "2010.08.04"]
[EventType "swiss"]
[EventRounds "9"]
[EventCountry "COL"]
[SourceTitle "EXT 2024"]
[Source "ChessBase"]
[SourceDate "2023.10.10"]
[SourceVersion "1"]
[SourceVersionDate "2023.10.10"]
[SourceQuality "1"]

1. e4 g6 2. d4 Bg7 3. c3 d5 4. Nd2 dxe4 5. Nxe4 Nf6 6. Bd3 0-0 7. Nf3 Bg4 8. h3 Bxf3 9. Qxf3 Nc6 10. Nxf6+ Bxf6 11. Bh6 Re8 12. 0-0-0 e6 13. Kc2 Qe7 14. Qe3 Rad8 15. f4 a6 16. h4 b5 17. h5 b4 18. hxg6 fxg6 19. Bg5 Bxg5 20. fxg5 bxc3 21. bxc3 Qa3 22. Rxh7 Qxa2+ 23. Kc1 Rb8 24. Rdh1 Qa1+ 25. Kd2 Rb2+ 26. Bc2 Rxc2+ 27. Kxc2 Qa4+ 28. Kd2 Qa2+ 29. Kd3 Nb4+ 30. cxb4 Qb3+ 31. Ke2 Qc2+ 32. Kf3 Qc6+ 33. Kg3 Qd6+ 34. Qe5 1-0

[Event "COL-ch Seniors"]
[Site "Medellin"]
[Date "2009.12.??"]
[Round "2.8"]
[White "Santamaria, Jhon Jairo"]
[Black "Bustamante, Roberto"]
[Result "0-1"]
[WhiteElo "1833"]
[BlackElo "1782"]
[PlyCount "68"]
[EventDate "2009.12.03"]
[EventType "swiss"]
[EventRounds "7"]
[EventCountry "COL"]
[SourceTitle "EXT 2024"]
[Source "ChessBase"]
[SourceDate "2023.10.10"]
[SourceVersion "1"]
[SourceVersionDate "2023.10.10"]
[SourceQuality "1"]

1. d4 g6 2. c4 Bg7 3. Nc3 Nf6 4. e4 d6 5. f3 Nc6 6. Bg5 0-0 7. Nge2 e5 8. d5 Ne7 9. Qd2 Nd7 10. g4 f6 11. Be3 f5 12. gxf5 gxf5 13. 0-0-0 f4 14. Bf2 Nf6 15. h4 Nh5 16. Bh3 Bxh3 17. Rxh3 Ng6 18. Rg1 Bf6 19. Qe1 a6 20. Rg4 Kh8 21. Rh2 b5 22. c5 dxc5 23. Bxc5 Rf7 24. Kb1 Rb8 25. b4 Rg7 26. a3 Rg8 27. Bf2 a5 28. Na2 axb4 29. Nxb4 Ra8 30. Qc3 Be7 31. Be1 Qd6 32. Bd2 Bf6 33. Bc1 Ra4 34. Bb2 Rga8 0-1

[Event "Antioquia Region-ch U1800"]
[Site "Medellin"]
[Date "2009.09.??"]
[Round "5.4"]
[White "Bustamante, Roberto"]
[Black "Cuesta Bejarano, Manuel Enriq"]
[Result "1-0"]
[WhiteElo "1760"]
[BlackElo "1757"]
[PlyCount "95"]
[EventDate "2009.09.08"]
[EventType "tourn"]
[EventRounds "7"]
[EventCountry "COL"]
[SourceTitle "EXT 2024"]
[Source "ChessBase"]
[SourceDate "2023.10.10"]
[SourceVersion "1"]
[SourceVersionDate "2023.10.10"]
[SourceQuality "1"]

1. g4 e6 2. Bg2 f5 3. gxf5 exf5 4. c4 Nf6 5. Nc3 Be7 6. d4 d6 7. Bg5 Nbd7 8. Qd3 0-0 9. 0-0-0 Nh5 10. Bxe7 Qxe7 11. Bf3 Ndf6 12. Bxh5 Nxh5 13. Qf3 Qh4 14. Nh3 c6 15. Rhg1 h6 16. Rg6 f4 17. Ng1 Bf5 18. Rxd6 Rf6 19. Rxf6 Nxf6 20. h3 Qg5 21. d5 Rc8 22. dxc6 Rxc6 23. b3 Bg6 24. Nd5 Ne4 25. Qxf4 Qxf4+ 26. Nxf4 Nxf2 27. Rd7 Rf6 28. Nd5 Ra6 29. a4 Be4 30. Rxb7 Bxd5 31. cxd5 Rg6 32. Nf3 Nxh3 33. e4 Nf4 34. Nh4 Rg4 35. Nf5 h5 36. d6 h4 37. Re7 Nd3+ 38. Kd2 Nc5 39. d7 Nxd7 40. Rxd7 h3 41. Rd3 h2 42. Rh3 Rg2+ 43. Kc3 g6 44. Nh6+ Kg7 45. Kc4 g5 46. Nf5+ Kf6 47. Ne3 g4 48. Rxh2 1-0